000 01705cam a22004934i 4500
003 PE-LiUPU
005 20250731173500.0
008 150616s r 000 0 d
020 _a028104581X
035 _a(Sirsi) i9780281045815
040 _aPE-LiUPU
_bspa
_cPE-LiUPU
_erda
049 _aPRUA
082 0 4 _a220.7082
_bN49
_221
100 1 _aNewsom, Carol A.,
_eautor.
245 1 4 _aThe Women's Bible Commentary.
264 1 _aLouisville, Kentucky :
_bWestminster/John Knox Press,
_c1992.
300 _a396 páginas ;
_c23 centímetros
336 _atext
_2rdacontent
337 _aunmediated
_2rdamedia
338 _avolume
_2rdacarrier
505 0 _aComentarios de la Biblia -- Comentarios del Antiguo testamento -- Historia de las mujeres en el Medio Oriente -- Historia de las mujeres en el Nuevo Testamento.
526 _aSEG42
526 _aSEG41
526 _aSEG40
526 _aSEG39
526 _aP94
526 _aP87
526 _aP86
526 _aP85
526 _aP77
526 _aP76
526 _aP35
630 _aBiblia
_xComentarios.
_91696
650 0 4 _aMujeres
_xHistoria
_zMedio Oriente.
650 0 4 _aMujeres
_zRome
_xHistoria.
700 1 _aRinge, Sharon H.
910 _ajck
_bjvq
_cjck
942 _2ddc
_cBOOK
949 _a220.7082 N49
_wDEWEY
_c1
_i40245
_lCCODEBUL1
_mBUL
_r0
_sY
_tBOOK
_u2015-6-16
_xTEOLOGIA
_zUNKNOWN
_0COMPRA
_o.STAFF. Colección General
994 _aC0
_bPEPRU
596 _a1
999 _a220.7082 N49
_wDEWEY
_c58044
_i40245
_f2021-11-11
_g5
_lCCODEBUL1
_mBUL
_r0
_sY
_tBOOK
_u2015-6-16
_xTEOLOGIA
_zUNKNOWN
_0COMPRA
_o.STAFF. Colección General
_d58044
980 _81
_gALBERTO SANCHEZ Responsable de Automatización